La enseñanza de la historia y textos escolares
Salvato in:
| Autore principale: | |
|---|---|
| Natura: | Libro |
| Lingua: | spagnolo |
| Pubblicazione: |
Buenos Aires
Libros del Zorzal
2008
|
| Edizione: | 1a. ed |
| Soggetti: | |
| Tags: |
Aggiungi Tag
Nessun Tag, puoi essere il primo ad aggiungerne!!
|
MARC
| LEADER | 00000nam a2200000 a 4500 | ||
|---|---|---|---|
| 001 | UCH3753 | ||
| 003 | CL-VaPUC | ||
| 008 | 090813e20080000AG |||||||||||||||||spa|d | ||
| 020 | |a 9789875990623 | ||
| 082 | 0 | 4 | |a 370.115 |b VAL |2 21 |
| 100 | 0 | |a Valls, Rafael |e author |9 539234 | |
| 245 | 1 | 3 | |a La enseñanza de la historia y textos escolares |
| 250 | |a 1a. ed | ||
| 300 | |a 107 p | ||
| 942 | |c BK | ||
| 945 | |d 20090813 00:00:00 |a dcastane | ||
| 260 | |a Buenos Aires |b Libros del Zorzal |c 2008 | ||
| 650 | 0 | |a Enseñanza de la historia |9 307330 | |
| 650 | 0 | |a Enseñanza de las ciencias sociales |9 337823 | |
| 583 | |a last modification |c 20090813 00:00:00 |k Rodrigo Vera | ||
| 999 | |c 335186 |d 335184 | ||
| 952 | |0 0 |1 0 |4 0 |6 370_115000000000000_VAL_2008 |7 0 |8 A |9 424865 |a BIBHIS |b BIBHIS |d 2019-11-22 |i 4589009 |o 370.115 VAL 2008 |p 4589009 |r 2025-01-20 |w 2019-11-22 |y BK |k HIS | ||